000 00614nam a22001817a 4500
003 BD-DhUL
005 20170509195426.0
008 170403s2000 bg a|||| |||| 00| 0 ben d
040 _aBD-DhUL
_cBD-DhUL
082 _a320
_bSHN
100 1 0 _aশফিক, মাহমুদ ।
245 1 0 _aনির্যাতনের রাজনীতি /
_cমাহমুদ শফিক ।
260 _aঢাকা :
_bনাজমা শফিক,
_c২০০০ ।
300 _a১১২ পৃ. ;
_c২২ সেমি ।
650 0 _aরাজনীতি ।
650 0 _aPolitics.
942 _2ddc
_cBK
999 _c195025
_d195025